000 00533nam a2200181Ia 4500
008 151018s9999 xx 000 0 und d
082 _bRBASDV41522
_a891.468
100 _aशिरीष कणेकर
245 _aमखलाशी
250 _b1
260 _bराजा प्रकाशन मुंबई
_c2004
300 _a163
600 _aशिरीष कणेकर
630 _aमखलाशी
700 _aशिरीष कणेकर
730 _aमखलाशी
942 _cBOOK
999 _c1040762
_d1040759